Budapest gyermekegészségügyi viszonyai

Elmentve itt :
Bibliográfiai részletek
Szerző: Thirring Gusztáv
Dokumentumtípus: Könyv
Megjelent: 1896
Kulcsszavak:Gyermekegészségügy - magyar, Budapest
Online Access:http://misc.bibl.u-szeged.hu/24201
LEADER 00535nam a2200157 i 4500
001 misc24201
005 20191207093528.0
008 170912s1896 hu o 0|| zxx d
040 |a SZTE Miscellanea Repozitórium  |b hun 
041 |a zxx 
100 1 |a Thirring Gusztáv 
245 1 0 |a Budapest gyermekegészségügyi viszonyai  |h [elektronikus dokumentum] /  |c  Thirring Gusztáv 
260 |c 1896 
300 |a 45 
695 |a Gyermekegészségügy - magyar, Budapest 
856 4 0 |u http://misc.bibl.u-szeged.hu/24201/1/010_025_001-045.pdf  |z Dokumentum-elérés